| 000 | 00655nam a2200181 a 4500 | ||
|---|---|---|---|
| 001 | 000030781 | ||
| 005 | 20240409073642.0 | ||
| 008 | 110530t1955 dr ac 000 0dspa d | ||
| 040 |
_aDO-SdBNP _bspa _cBNPHU |
||
| 082 | _aF-RD 36 | ||
| 100 | 1 |
_aSanabia, Felipe E. _957339 |
|
| 245 | 1 | 0 |
_aDios, patria y libertad, divisa gloriosa de los Trinitarios, sublimada por Trujillo / _cMonseñor Felipe E. Sanabia. |
| 260 |
_aCiudad Trujillo, República Dominicana : _bMontalvo, _c1955. |
||
| 300 |
_a25 p. : _bil., retr. ; _c25cm. |
||
| 600 | 1 | 0 |
_aTrujillo Molina, Rafael Leónidas, _d 1891-1961 _976764 |
| 910 | _aValidado. Control de calidad EMS. | ||
| 049 | _aBNPD | ||
| 999 |
_c30273 _d30273 |
||